| 000 | 00895nam a2200289 i 4500 | ||
|---|---|---|---|
| 001 | 000048630 | ||
| 003 | DO-SdBNP | ||
| 005 | 20260528085058.0 | ||
| 007 | ta | ||
| 008 | 190403s2014 dr r 000 spa d | ||
| 020 | _a9789945586084 | ||
| 040 |
_aDO-SdBNP _bspa _cBNPHU _erda |
||
| 041 | _aspa | ||
| 082 | 4 |
_axxx _bxxx _222 |
|
| 100 | 0 |
_aGarcía Michel, Eduardo _eautor _99281 |
|
| 245 | 1 | 0 |
_aUna experiencia de política monetaria. / _cEduardo García Michel ; corrección y edición, Juana Haché |
| 250 | _aprimera edición | ||
| 264 | 4 |
_aSanto Domingo : _bArchivo General de la Nación, _c©2014. |
|
| 300 |
_a609 páginas ; _c23 cm. |
||
| 336 |
_atexto _btxt _2rdacontent |
||
| 337 |
_asin mediación _bn _2rdamedia |
||
| 338 |
_avolumen _bnc _2rdacarrier |
||
| 490 | 0 |
_aArchivo General de la Nación _v211 |
|
| 590 | _aInventariado, 2019 / DG | ||
| 910 | _aDG | ||
| 942 |
_2ddc _cLBS1 |
||
| 999 |
_c48118 _d48118 |
||